[Event "Otocec Krka Terme op"]
[Site "Otocec"]
[Date "2021.07.05"]
[Round "4"]
[White "Piskar, Rihard"]
[Black "Stukelj, Gasper"]
[Result "0-1"]
[WhiteElo "1549"]
[BlackElo "1872"]
[PlyCount "54"]
[EventDate "2021.07.03"]
[EventType "swiss"]
[EventRounds "9"]
[EventCountry "SLO"]
[SourceTitle "CBM 203 Extra"]
[Source "ChessBase"]
[SourceDate "2021.09.30"]
[SourceVersion "1"]
[SourceVersionDate "2021.09.30"]
[SourceQuality "1"]

1. c4 Nf6 2. Nc3 c6 3. Nf3 d5 4. e3 Bg4 5. Be2 Nbd7 6. d4 dxc4 7. a4 Bxf3 8. Bxf3 e5 9. d5 cxd5 10. Nxd5 e4 11. Nxf6+ Nxf6 12. Qxd8+ Rxd8 13. Be2 Bb4+ 14. Kf1 a6 15. g3 b5 16. Kg2 0-0 17. axb5 axb5 18. b3 Bc3 19. Rb1 b4 20. Bxc4 Ng4 21. Be2 Ne5 22. Bb2 Rd2 23. Bxc3 bxc3 24. Rhe1 Nd3 25. Bxd3 exd3 26. Kf3 Ra2 27. Rg1 c2 0-1

[Event "Otocec Krka Terme op"]
[Site "Otocec"]
[Date "2021.07.04"]
[Round "2"]
[White "Piskar, Rihard"]
[Black "Hercog, Nusa"]
[Result "0-1"]
[WhiteElo "1549"]
[BlackElo "2058"]
[PlyCount "89"]
[EventDate "2021.07.03"]
[EventType "swiss"]
[EventRounds "9"]
[EventCountry "SLO"]
[SourceTitle "CBM 203 Extra"]
[Source "ChessBase"]
[SourceDate "2021.09.30"]
[SourceVersion "1"]
[SourceVersionDate "2021.09.30"]
[SourceQuality "1"]

1. Nf3 d5 2. g3 Nf6 3. Bg2 c6 4. d3 h6 5. 0-0 Bf5 6. Nbd2 e6 7. c3 Be7 8. Re1 0-0 9. Qb3 Qc7 10. e4 Bh7 11. e5 Nfd7 12. d4 c5 13. c4 dxc4 14. Qxc4 Nb6 15. Qe2 Nc6 16. dxc5 Bxc5 17. Ne4 Be7 18. Nc3 Nb4 19. Nb5 Qb8 20. Nbd4 Rd8 21. Rd1 Qc8 22. Be3 Qc4 23. Rd2 Rac8 24. Rad1 Qxa2 25. b3 Qa5 26. Qe1 Na6 27. Ra1 Qb4 28. Rdd1 Nd5 29. Qxb4 Bxb4 30. Bd2 Bc5 31. Ba5 Rd7 32. Nb5 Nb8 33. Rac1 b6 34. Be1 a6 35. Nd6 Rcd8 36. Nc4 a5 37. Bf1 Be4 38. Ncd2 Bg6 39. Bb5 Re7 40. Kg2 Ba3 41. Ra1 Bb2 42. Ra2 Nc3 43. Rxb2 Nxd1 44. Rb1 Bxb1 45. Nxb1 0-1

[Event "Otocec Krka Terme op"]
[Site "Otocec"]
[Date "2021.07.03"]
[Round "1"]
[White "Radej, Filip"]
[Black "Piskar, Rihard"]
[Result "1/2-1/2"]
[WhiteElo "1180"]
[BlackElo "1549"]
[PlyCount "118"]
[EventDate "2021.07.03"]
[EventType "swiss"]
[EventRounds "9"]
[EventCountry "SLO"]
[SourceTitle "CBM 203 Extra"]
[Source "ChessBase"]
[SourceDate "2021.09.30"]
[SourceVersion "1"]
[SourceVersionDate "2021.09.30"]
[SourceQuality "1"]

1. d4 d5 2. c4 c6 3. Nf3 Nf6 4. Bg5 Nbd7 5. e3 e6 6. c5 Qa5+ 7. Nbd2 Ne4 8. Qc2 e5 9. a3 Nxg5 10. Nxg5 exd4 11. exd4 Qd8 12. Ngf3 Be7 13. Bd3 Nf6 14. h3 0-0 15. 0-0 Re8 16. b4 Bd7 17. a4 Rc8 18. b5 b6 19. bxc6 Bxc6 20. Ne5 Bb7 21. Nb3 Qc7 22. Bb5 Red8 23. c6 Qd6 24. Qd3 Ba8 25. Nd2 Rc7 26. Ndf3 h6 27. Rfc1 Ne4 28. Nh2 Bg5 29. Rc2 Bf6 30. f4 Bh4 31. Rac1 Bg3 32. Qf3 Qf6 33. Rf1 a6 34. Nhg4 Qd6 35. Bxa6 Bxc6 36. Bd3 Bh4 37. Rfc1 Rdc8 38. Nxc6 Rxc6 39. Rxc6 Rxc6 40. Rxc6 Qxc6 41. Bxe4 dxe4 42. Qe3 Bd8 43. Nf2 f5 44. g4 Bh4 45. gxf5 Bxf2+ 46. Kxf2 Qd5 47. Kg3 Qxf5 48. Qb3+ Kh7 49. Qxb6 e3 50. Qc5 Qd3 51. Qe5 e2+ 52. Kf2 Qxh3 53. Kxe2 Qa3 54. a5 Qc3 55. Qe4+ Kh8 56. a6 Qb2+ 57. Ke3 Qc1+ 58. Ke2 Qb2+ 59. Ke3 Qc1+ 1/2-1/2

[Event "Portoroz Nat Festival 30th"]
[Site "Portoroz"]
[Date "2020.09.03"]
[Round "1"]
[White "Kovac, Boris"]
[Black "Piskar, Rihard"]
[Result "1-0"]
[WhiteElo "2211"]
[BlackElo "1760"]
[PlyCount "61"]
[EventDate "2020.09.03"]
[EventType "swiss"]
[EventRounds "9"]
[EventCountry "SLO"]
[SourceTitle "CBM 198 Extra"]
[Source "ChessBase"]
[SourceDate "2020.11.30"]
[SourceVersion "1"]
[SourceVersionDate "2020.11.30"]
[SourceQuality "1"]

1. e4 c5 2. Nf3 d6 3. d4 cxd4 4. Nxd4 Nf6 5. Nc3 a6 6. Bg5 Qb6 7. a3 Qxb2 8. Na4 Qxa1 9. Qxa1 Nxe4 10. Nb6 Nxg5 11. Qc3 Bd7 12. Qc7 e5 13. Nxa8 exd4 14. Qxb8+ Ke7 15. Qxb7 Ne6 16. Nb6 Nc5 17. Qa7 g6 18. Nxd7 Nxd7 19. Bxa6 Bg7 20. Bb5 Rd8 21. 0-0 Ke6 22. Re1+ Ne5 23. f4 Bh6 24. Qxd4 Ke7 25. fxe5 Kf8 26. exd6 Bg7 27. Qh4 Rb8 28. Qe7+ Kg8 29. Qe8+ Rxe8 30. Rxe8+ Bf8 31. d7 1-0

[Event "Bled op"]
[Site "Bled"]
[Date "2017.03.11"]
[Round "3"]
[White "Piskar, Rihard"]
[Black "Sraka, Lan"]
[Result "1/2-1/2"]
[WhiteElo "1814"]
[BlackElo "1196"]
[PlyCount "116"]
[EventDate "2017.03.10"]
[EventType "swiss"]
[EventRounds "5"]
[EventCountry "SLO"]
[SourceTitle "EXT 2019"]
[Source "ChessBase"]
[SourceDate "2018.10.10"]
[SourceVersion "1"]
[SourceVersionDate "2018.10.10"]
[SourceQuality "1"]

1. e4 c6 2. d4 d5 3. exd5 cxd5 4. c4 Nc6 5. Nf3 Bg4 6. Be2 e6 7. Nc3 dxc4 8. Be3 Bd6 9. Bxc4 Qc7 10. Be2 a6 11. Rc1 Nge7 12. h3 Bh5 13. 0-0 Nf5 14. Ne4 Bf4 15. Bxf4 Qxf4 16. Nc5 Nfxd4 17. Nxd4 Nxd4 18. Bxh5 g6 19. Be2 h5 20. Nxb7 h4 21. Bf3 Rb8 22. Nc5 a5 23. Nd3 Qd6 24. Qa4+ Kf8 25. Bd1 Kg7 26. Qxa5 Nc6 27. Qc5 Qxd3 28. Qxc6 Rxb2 29. Qc3+ Qxc3 30. Rxc3 Rxa2 31. Rc7 Rb8 32. Bg4 Kf6 33. f4 Rbb2 34. Bf3 Ra4 35. Bd1 Raa2 36. Bf3 Ra4 37. Rd1 Rxf4 38. Rdd7 Kg7 39. Rd3 e5 40. Re3 Rb5 41. Re7 Kf6 42. Rd7 Rb6 43. Bd5 Rb1+ 44. Kh2 Kg7 45. Rf3 Rf1 46. Rxf4 Rxf4 47. Kg1 g5 48. Re7 g4 49. hxg4 Rxg4 50. Rxf7+ Kg6 51. Rf8 Rg5 52. Rg8+ Kh6 53. Rxg5 Kxg5 54. Kh2 Kg4 55. Bf3+ Kf4 56. Kh3 Kg5 57. Bd5 Kh5 58. Bf3+ Kg5 1/2-1/2

[Event "SLO-chT2 West"]
[Site "Kranj"]
[Date "2008.10.18"]
[Round "7.5"]
[White "Kerma, Simon"]
[Black "Piskar, Rihard"]
[Result "1/2-1/2"]
[WhiteElo "2165"]
[BlackElo "1738"]
[PlyCount "93"]
[EventDate "2008.10.11"]
[EventType "team-swiss"]
[EventRounds "9"]
[EventCountry "SLO"]
[SourceTitle "EXT 2010"]
[Source "ChessBase"]
[SourceDate "2010.11.25"]
[SourceVersion "1"]
[SourceVersionDate "2010.11.25"]
[SourceQuality "1"]
[WhiteTeam "Koper"]
[BlackTeam "Stari Mayr Sencur"]
[WhiteTeamCountry "SLO"]
[BlackTeamCountry "SLO"]

1. d4 Nf6 2. Nf3 g6 3. g3 d5 4. Bg2 Nbd7 5. 0-0 Bg7 6. c4 dxc4 7. Qa4 c6 8. Qxc4 Nb6 9. Qc2 Bf5 10. Qb3 Be6 11. Qd1 0-0 12. Nc3 Nbd5 13. Ng5 Nxc3 14. Nxe6 Nxd1 15. Nxd8 Raxd8 16. Rxd1 e5 17. Be3 Ng4 18. d5 Nxe3 19. fxe3 cxd5 20. Bxd5 Bh6 21. Kf2 b6 22. Rac1 Rc8 23. Bb3 a5 24. Rxc8 Rxc8 25. Rd7 Kh8 26. Rb7 Rc6 27. Rxf7 Bg5 28. Rf8+ Kg7 29. Rg8+ Kh6 30. Kf3 Bf6 31. e4 Bg7 32. h4 Rf6+ 33. Kg2 Rf8 34. g4 Rxg8 35. Bxg8 Bf8 36. g5+ Kg7 37. Be6 Bb4 38. Kg3 Bd2 39. Kg4 h6 40. gxh6+ Bxh6 41. h5 gxh5+ 42. Kxh5 Bc1 43. b3 Kf6 44. Bc4 Ke7 45. Kg6 Kd6 46. Kf5 Bb2 47. a4 1/2-1/2